|
|
|
|
| LEADER |
00000cam a2200000 4500 |
| 001 |
vtls012053431 |
| 003 |
SK-MaSNL |
| 005 |
20260302082229.0 |
| 008 |
210510s2021 xo oc grn 000 0bslo |
| 015 |
|
|
|a SNBA2022/02
|
| 020 |
|
|
|a 9788057028390
|q (brožované)
|
| 040 |
|
|
|a SNK
|b slo
|c SNK
|e rda
|
| 041 |
0 |
|
|a slo
|
| 043 |
|
|
|a e-xo---
|
| 044 |
|
|
|a xo
|c SK
|
| 072 |
|
7 |
|a 27
|x Kresťanstvo. Kresťanská cirkev všeobecne. Ekleziológia
|2 konspekt
|
| 072 |
|
7 |
|a 929
|x Biografie
|2 konspekt
|
| 080 |
|
|
|a 27-722.54
|2 2011
|
| 080 |
|
|
|a 272-722.53
|2 2011
|
| 080 |
|
|
|a (437.6)
|2 2011
|
| 080 |
|
|
|a (0:82-94)
|2 2011
|
| 080 |
|
|
|a 929(092)
|2 2011
|
| 080 |
|
|
|a 27-733
|2 2011
|
| 080 |
|
|
|a 27-662:3
|2 2011
|
| 080 |
|
|
|a (082.2)
|2 2011
|
| 080 |
|
|
|a 2-4
|2 2011
|
| 100 |
1 |
|
|a Krupová, Agáta,
|d 1960-
|4 aut
|9 238415
|
| 245 |
1 |
0 |
|a "Dávam všetko, čo mám..."
|b venované spomienke na Mgr. Michala Horváta - trvalého diakona z Hanušoviec nad Topľou - pri príležitosti 1. výročia jeho úmrtia
|c Agáta Krupová
|
| 264 |
|
1 |
|a Hanušovce nad Topľou
|b Rímskokatolícka farnosť Nanebovzatia Panny Márie
|c 2021
|
| 300 |
|
|
|a 116 strán
|b fotografie (niektoré farebné), portréty
|c 21 cm
|
| 336 |
|
|
|a text
|b txt
|2 rdacontent
|
| 336 |
|
|
|a statický obraz
|b sti
|2 rdacontent
|
| 337 |
|
|
|a bez média
|b n
|2 rdamedia
|
| 338 |
|
|
|a zväzok
|b nc
|2 rdacarrier
|
| 366 |
|
|
|e 140 kusov
|
| 500 |
|
|
|a Vydavateľ podľa NA ISBN: Agáta Krupová, Hanušovce nad Topľou
|
| 500 |
|
|
|a Obsahuje poznámky
|
| 504 |
|
|
|a Bibliografia na strane 108-112
|
| 600 |
1 |
7 |
|a Horvát, Michal,
|d 1958-2020
|2 SNKMA
|9 219621
|
| 650 |
0 |
7 |
|a diakoni
|2 SNKPH
|9 30277
|
| 650 |
0 |
7 |
|a katolícki kňazi
|2 SNKPH
|9 1290
|
| 650 |
0 |
7 |
|a Deacons
|2 SNKPHeng
|9 389597
|
| 650 |
0 |
7 |
|a Catholic priests
|2 SNKPHeng
|9 267999
|
| 650 |
0 |
7 |
|a duchovné povolania
|2 SNKPH
|9 67690
|
| 650 |
0 |
7 |
|a Spiritual vocations
|2 SNKPHeng
|9 305770
|
| 650 |
0 |
7 |
|a kresťanstvo a spoločnosť
|2 SNKPH
|9 4227
|
| 650 |
0 |
7 |
|a Christianity and civilization
|2 SNKPHeng
|9 268313
|
| 650 |
0 |
7 |
|a náboženský život
|2 SNKPH
|9 1995
|
| 650 |
0 |
7 |
|a Religious life
|2 SNKPHeng
|9 275462
|
| 651 |
|
7 |
|a Hanušovce nad Topľou (Slovensko)
|2 SNKPHgeo
|9 26948
|
| 651 |
|
7 |
|a Hanušovce nad Topľou (Slovakia)
|2 SNKPHeng
|9 348835
|
| 655 |
|
7 |
|a spomienky
|2 SNKPH
|9 29509
|
| 655 |
|
7 |
|a biografie
|2 SNKPH
|9 27965
|
| 655 |
|
7 |
|a Reminiscences
|2 SNKPHeng
|9 93477
|
| 655 |
|
7 |
|a Biography
|2 SNKPHeng
|9 266314
|
| 655 |
|
7 |
|a jubilejné publikácie
|2 SNKPH
|9 70339
|
| 655 |
|
7 |
|a Jubilee books
|2 SNKPHeng
|9 281827
|
| 919 |
|
|
|a 978-80-570-2839-0
|
| 958 |
|
|
|a BX
|
| 958 |
|
|
|a NT
|
| 964 |
9 |
|
|a Agáta Krupová (Hanušovce nad Topľou, Slovensko)
|
| 999 |
|
|
|c 1179324
|d 1181254
|
| 952 |
|
|
|a SNK
|b SNK
|y PREZ
|7 0
|p 17A1459019
|o snkSC 194304
|i snk2021/13121
|8 0
|0 0
|1 0
|4 0
|d 2021-09-20
|f 1
|l 0
|r 2025-10-14 00:00:00
|w 2026-02-24
|
| 952 |
|
|
|a SNK
|b SNK
|y VYP
|7 0
|p 17A1459020
|o snkSC 194304 D1
|i snk2021/13122
|8 0
|0 0
|1 0
|4 0
|d 2021-09-20
|l 0
|r 2026-02-24 21:33:36
|w 2026-02-24
|